| 000 | 01070nas a2200361 4500 | ||
|---|---|---|---|
| 001 | BR0701051 | ||
| 003 | BR-BrBNA | ||
| 005 | 20231205110609.0 | ||
| 007 | ta | ||
| 008 | 230509b bl.|||p| |||| 00| 00por d | ||
| 040 |
_aBR-BrBNA _bpor _cBiblioteca Nacional de Agricultura |
||
| 041 | _a(Pt) | ||
| 072 | _aL10; L53 | ||
| 100 | 1 | _aSantos, A.D.F. | |
| 100 | 1 | _aTorres, C.A.A. | |
| 100 | 1 | _aFonseca, J.F. da | |
| 100 | 1 | _aBorges, Á.M. | |
| 100 | 1 | _aCosta, E.P. da | |
| 100 | 1 | _aGuimarães, J.D. | |
| 100 | 1 | _aRovay, H. | |
| 245 | 1 | _aParâmetros reprodutivos de bodes submetidos ao manejo de fotoperíodo artificial | |
| 650 | _aBODE | ||
| 650 | _aSÊMEN | ||
| 650 | _aANÁLISE QUALITATIVA | ||
| 650 | _aANÁLISE QUANTITATIVA | ||
| 650 | _aVARIAÇÃO SAZONAL | ||
| 650 | _aEFICIÊNCIA REPRODUTIVA | ||
| 650 | _aTRATAMENTO | ||
| 650 | _aFOTOPERIODISMO | ||
| 773 | 0 |
_tRevista Brasileira de Zootecnia (Brazil) _xISSN 1516-3598 _g(Sep-Oct 2006), v. 35(5) p. 1926-1933 _wBR0701051 |
|
| 909 |
_a202311 _bLúcia _c55 _dLúcia Elande |
||
| 942 |
_2AGRIS _n0 _cANA |
||
| 999 |
_c188103 _d188103 |
||